| 000 | 00533nam a2200181 4500 | ||
|---|---|---|---|
| 001 | 127381 | ||
| 003 | ES-MaACL | ||
| 005 | 20230906193015.0 | ||
| 007 | t| | ||
| 008 | 070214s1978 sp r ||||1| spa d | ||
| 100 | 1 |
_aRichmond, P. G. _996965 |
|
| 245 | 1 | 0 |
_aIntroducción a Piaget / _cP. G. Richmond ; [traducción: Ignacio Alvarez Bara]. |
| 250 | _a6ª ed. | ||
| 260 |
_aMadrid : _bFundamentos, _c1978. |
||
| 300 |
_a158 p. : _bil. ; _c19 cm. |
||
| 700 | 1 |
_aAlvarez Bara, Ignacio. _920703 |
|
| 852 |
_aES-MaACL _jA-9643 _bR.98784 |
||
| 999 |
_c127381 _d127381 |
||